000 00657nam a2200193 a 4500
001 000048174
005 20201002060952.0
008 181204s2002 dr 000 0 spa d
020 _a9993487244
040 _aDO-SdBNP
_bspa
_cBNPHU
082 _bF385e, 8vo., 2002
100 1 _aFerrer, Vicente,
_930463
245 1 0 _aEducación artística 8. :
_b[educación básica] /
_ceditorial Obdulia García de Escobar; ilustración Ruddy Núñez.
260 _aSanto Domingo :
_bSantillana,
_c2002.
300 _a87p. :
_bil., ;
_c28cm.
590 _aInventariado, 2019/MFF
700 1 _aGarcía Escobar, Obdulia
_eed.
_929560
700 1 _aNúñez, Ruddy,
_eil.
_923171
999 _c47662
_d47662